Khoa học hàng hóa = Science merchandisse /

Kaydedildi:
Detaylı Bibliyografya
Diğer Yazarlar: Nguyễn Hữu Khỏa (chủ biên)
Materyal Türü: Sách giấy
Dil:Vietnamese
Baskı/Yayın Bilgisi: H. : Giáo dục, 1997
Konular:
Etiketler: Etiketle
Etiket eklenmemiş, İlk siz ekleyin!
Thư viện lưu trữ: Thư viện Trường Đại học Đà Lạt
LEADER 00821nam a2200325 4500
001 DLU060054762
005 ##20060811
040 # # |a DLU  |b vie 
041 # # |a vie 
044 # # |a vn 
082 # # |a 658.562  |b Kho 
245 # # |a Khoa học hàng hóa =  |b Science merchandisse /  |c Nguyễn Hữu Khoả chủ biên 
246 # # |a Science merchandisse 
260 # # |a H. :  |b Giáo dục,  |c 1997 
300 # # |a 291 tr. ;  |c 21 cm 
653 # # |a Chất lượng sản phẩm 
653 # # |a Giáo trình 
653 # # |a Kinh doanh 
653 # # |a Thương mại 
700 # # |a Nguyễn Hữu Khỏa,  |e chủ biên 
923 # # |a 15/2006 
992 # # |a 34.000 
994 # # |a DLU 
900 # # |a True 
911 # # |a Đào Thị Thu Huyền 
925 # # |a G 
926 # # |a A 
927 # # |a SH 
980 # # |a Thư viện Trường Đại học Đà Lạt